Southville International School and Colleges
Your cart is empty.
  • Cart
  • Lists
    Public lists Eva Luna New books Lux_list list_1
    Your lists Log in to create your own lists
  • Log in to your account
  • Your cookies
  • Search history
Southville International School and Colleges
  • Advanced search
  • Recent comments
  • Most popular
  • Libraries

Log in to your account

Log in with GOOGLE


If you do not have an external account, but do have a local account, you can still log in:

  1. Home
  2. MARC view: The world of Europe :
Normal view MARC view ISBD view

The world of Europe : (Record no. 10510)

[ view plain ]
MARC details
000 -LEADER
fixed length control field 00570nam a22001937a 4500
003 - CONTROL NUMBER IDENTIFIER
control field OSt
005 - DATE AND TIME OF LATEST TRANSACTION
control field 20140310182212.0
008 - FIXED-LENGTH DATA ELEMENTS--GENERAL INFORMATION
fixed length control field 130906t xxu||||| |||| 00| 0 eng d
020 ## - INTERNATIONAL STANDARD BOOK NUMBER
International Standard Book Number 0882733257
050 ## - LIBRARY OF CONGRESS CALL NUMBER
Classification number D 359
Item number .P655 1973
082 ## - DEWEY DECIMAL CLASSIFICATION NUMBER
Classification number HS 940.2
Item number P65 1979
100 ## - MAIN ENTRY--PERSONAL NAME
Personal name Pinkney, David H.
9 (RLIN) 16849
245 ## - TITLE STATEMENT
Title The world of Europe :
Remainder of title the nineteenth century 1815-1914 /
Statement of responsibility, etc David H. Pinkney.
260 ## - PUBLICATION, DISTRIBUTION, ETC. (IMPRINT)
Place of publication, distribution, etc St. Louis , Miss. :
Name of publisher, distributor, etc Forum Press,
Date of publication, distribution, etc c1973.
650 ## - SUBJECT ADDED ENTRY--TOPICAL TERM
Topical term or geographic name as entry element Europe
General subdivision History
-- 1789-1900
9 (RLIN) 16850
942 ## - ADDED ENTRY ELEMENTS (KOHA)
Source of classification or shelving scheme Library of Congress Classification
Koha item type
Holdings
Withdrawn status Lost status Source of classification or shelving scheme Damaged status Home library Current library Shelving location Date acquired Total Checkouts Full call number Barcode Date last seen Copy number Price effective from Koha item type
    Library of Congress Classification   Luxembourg Library Luxembourg Library High School Section 09/06/2013   D 359 .P655 1973 9782 09/07/2015 1 09/06/2013 Books
    Library of Congress Classification   Luxembourg Library Luxembourg Library High School Section 09/06/2013   D 359 .P655 1973 11232 09/07/2015 1 09/06/2013 Books

The world of Europe :

APA

Pinkney D. H., . (1973). The world of Europe. St. Louis , Miss: Forum Press.

Chicago

Pinkney David H, . 1973. The world of Europe. St. Louis , Miss: Forum Press.

Harvard

Pinkney D. H., . (1973). The world of Europe. St. Louis , Miss: Forum Press.

MLA

Pinkney David H, . The world of Europe. St. Louis , Miss: Forum Press. 1973.

  • Place hold
  • Print
  • Cite
  • Add to your cart (remove)
  • Save record
    BIBTEX Dublin Core MARCXML MARC (non-Unicode/MARC-8) MARC (Unicode/UTF-8) MARC (Unicode/UTF-8, Standard) MODS (XML) RIS
  • More searches
    Search for this title in:
    Other Libraries (WorldCat) Other Databases (Google Scholar) Online Stores (Bookfinder.com) Open Library (openlibrary.org)

Exporting to Dublin Core...

SOUTHVILLE LIBRARY

Southville International School and Colleges Library

1281 Tropical Ave. Cor. Luxembourg St., BF Homes International, Las Pinas City

Tel. No. 8256374 / 252358 Loc. 117/146

Powered by Koha